A Course in Modern Linquistics (Record no. 7046)

MARC details
000 -LEADER
fixed length control field 01149nam a22001457a 4500
050 ## - CALL NUMBER
Classification number P121.H63
100 ## - AUTHOR
Personal name Charles F. Hockett
245 ## - TITLE
Title A Course in Modern Linquistics
260 ## - PUBLICATION INFORMATION
Place of publication India
Name of publisher Surgeet Publications
Year of publication 1958
300 ## - DESCRIPTION
Number of Pages ix, 620p,illus,15cm
500 ## - NOTES
General note includes index
505 ## - FORMATTED CONTENTS NOTE
Table of Content Introduction: Signalling via sound: Philosophy 1<br/>Phonology and Grammar: Levels of Patterning 123<br/>Grammatical Systems 147<br/>Morphononemic Systems 271<br/>Idioms 303<br/>Linguistic Ontegeny 353<br/>Phylogeny 365<br/>Linquistic Prehistory 461<br/>Writing 539<br/>Literature 553<br/>Man's Place in Nature 569
650 ## - SUBJECTS
Topical Term Linquistics
942 ## - ADDED ENTRY ELEMENTS (KOHA)
Koha item type Books
Holdings
Withdrawn status Lost status Collection code Home library Current library Shelving location Date acquired Full call number Accession Number Koha item type
    Reference Methodist University Library Main Methodist University Library Main General Stacks 10/12/2019 P121.H63 37503 Books
Copyright © 2026  MUG Library